000 00657cam a22002291 4500
001 sa 66000610
003 DLC
005 20260227112216.0
008 780214s1965 ii b 000 0deng
010 _asa 66000610
035 _a(OCoLC)3636513
040 _aDLC
_cMiRochOU
_dDLC
050 0 0 _aDS481.G3
_bL28
100 2 _aLakshmi Menon, V.
245 1 0 _aRuskin and Gandhi
_c[by] V. Lakshmi Menon.
250 _a[1st ed.
260 _aVaranasi]
_bSarva Seva Sangh Prakashan
_c[1965]
300 _aii, 64 p.
_c19 cm.
504 _aBibliography: p. [56]-64.
600 1 0 _aGandhi,
_cMahatma,
_d1869-1948.
600 1 0 _aRuskin, John,
_d1819-1900
_xInfluence.
999 _c67342
_d67342